| 000 | 01058cab a2200289 4500 | ||
|---|---|---|---|
| 001 | ABS59241 | ||
| 008 | 090401t1998 xxu||||| |||| 00| 0 eng d | ||
| 035 | _a(Sirsi) u88164 | ||
| 041 | _aeng | ||
| 245 | _aTransport White Paper: a special report | ||
| 260 | _c1998 | ||
| 350 | _a0 | ||
| 490 |
_aPlanning (for the Natural and Built Environment) _v(1281) 14 August 1998, 15-19(5) |
||
| 520 | _aA series of articles on the transport White Paper. Discusses the need to integrate regional planning guidance and transport strategies, and considers whether improved public transport will reduce congestion. Includes case studies of schemes around the country. | ||
| 650 | _aCHARGES | ||
| 650 | _aCONGESTION CHARGING | ||
| 650 | _aLAND USE POLICY | ||
| 650 | _aLOCAL TRANSPORT PLANS | ||
| 650 | _aMOTORWAY CHARGING | ||
| 650 | _aPLANNING POLICY GUIDANCE NOTE 13 | ||
| 650 | _aPUBLIC TRANSPORT | ||
| 650 | _aTRANSPORT WHITE PAPER | ||
| 650 | _aWORKPLACE PARKING | ||
| 690 | _aTRANSPORT AND COMMUNICATIONS | ||
| 942 | _n0 | ||
| 948 | _c26/08/1998 | ||
| 999 |
_c55700 _d55700 |
||